| 000 | 00875nam a22003017a 4500 | ||
|---|---|---|---|
| 001 | 0007771 | ||
| 003 | KOHA_MİRAKIL | ||
| 005 | 20260207001610.0 | ||
| 007 | ta | ||
| 008 | 091005b1969 us |||gr||||#||||0|eng | | ||
| 040 |
_aTR-BiSEU _btur _cTR-BiSEU _erda |
||
| 041 | 0 | _aeng | |
| 044 | _cus | ||
| 050 |
_aQA303 _b.L36 1969 |
||
| 100 | 1 | _aLang, Serge. | |
| 245 | 1 | 2 |
_aA first course in calculus/ _cSerge Lang ; Serge Lang. |
| 250 | _a2. bs. | ||
| 264 | 1 |
_aReading, Massachusetts : _bAddison-Wesley _c1969 |
|
| 300 | _axiv, 316, [20] sayfa: resimli | ||
| 336 |
_ametin _btxt _2rdacontent |
||
| 337 |
_aaracısız _bn _2rdamedia |
||
| 338 |
_acilt _bnc _2rdacarrier |
||
| 490 | 0 | _aAddison-Wesley world student series edition | |
| 500 | _aDizin var. | ||
| 650 | 0 |
_aHesap. _92068 |
|
| 830 | 0 |
_aAddison-Wesley world student series edition _919314 |
|
| 942 |
_2lcc _cBK |
||
| 999 |
_c7748 _d7748 |
||